Manual de procedimientos para controlar y apoyar la gestión del Depto. de Almacenes en RECOPE S.A
Wedi'i Gadw mewn:
| Prif Awdur: | |
|---|---|
| Fformat: | Traethawd Ymchwil Llyfr |
| Cyhoeddwyd: |
San José, Costa Rica
1987
|
| Pynciau: | |
| Tagiau: |
Ychwanegu Tag
Dim Tagiau, Byddwch y cyntaf i dagio'r cofnod hwn!
|
MARC
| LEADER | 00000nam a2200000Ia 4500 | ||
|---|---|---|---|
| 003 | 007220 | ||
| 005 | 20221231144309.0 | ||
| 008 | 140114s1987 cr a m 000 ||s d | ||
| 040 | |c cru CEDI | ||
| 090 | |a TFG 2963 | ||
| 100 | |a Barboza Hernandez, Warner |9 11702 | ||
| 245 | |a Manual de procedimientos para controlar y apoyar la gestión del Depto. de Almacenes en RECOPE S.A | ||
| 260 | |c 1987 |a San José, Costa Rica | ||
| 300 | |a iv, 157 hojas : ilustraciones ; 28 cm | ||
| 500 | |a Proyecto de graduacion (licenciatura en ingenieria industrial)--Universidad de Costa Rica. Facultad de Ingeniería. Escuela de Ingeniería Industrial | ||
| 502 | |a Escuela de ingenieria Industrial | ||
| 650 | |x REFINADORA COSTARRICENSE DE PETROLEO.. DEPARTAMENTO DE ALMACENES |9 11703 | ||
| 942 | |c TFG | ||
| 999 | |c 19765 |d 19765 | ||
